<?xml version="1.0" encoding="UTF-8"?>
<record
    xmlns:xsi="http://www.w3.org/2001/XMLSchema-instance"
    xsi:schemaLocation="http://www.loc.gov/MARC21/slim http://www.loc.gov/standards/marcxml/schema/MARC21slim.xsd"
    xmlns="http://www.loc.gov/MARC21/slim">

  <leader>01231    a2200361   4500</leader>
  <datafield tag="240" ind1=" " ind2=" ">
    <subfield code="a">Contribution des aliments de compl&#xE9;ment &#xE0; la couverture des besoins nutritionnels des jeunes enfants : cas de la vall&#xE9;e de l'Ou&#xE9;m&#xE9;</subfield>
  </datafield>
  <datafield tag="502" ind1=" " ind2=" ">
    <subfield code="a">Th&#xE8;se pour l'obtention du Dipl&#xF4;me d'Ing&#xE9;nieur Agronome</subfield>
  </datafield>
  <datafield tag="260" ind1=" " ind2=" ">
    <subfield code="a">Abomey-Calavi</subfield>
  </datafield>
  <datafield tag="653" ind1="1" ind2=" ">
    <subfield code="a">Nutrition et Sciences Alimentaires</subfield>
  </datafield>
  <datafield tag="100" ind1=" " ind2=" ">
    <subfield code="a">MITCHIDIGNI, Ir&#xE8;ne M&#xE8;d&#xE9;m&#xE8;</subfield>
  </datafield>
  <datafield tag="041" ind1=" " ind2=" ">
    <subfield code="b">Fr.</subfield>
  </datafield>
  <datafield tag="260" ind1=" " ind2=" ">
    <subfield code="b">FSA/UAC</subfield>
  </datafield>
  <datafield tag="245" ind1=" " ind2=" ">
    <subfield code="a">Contribution of complementary foods to nutritional needs of young children : case study in Ou&#xE9;m&#xE9; valley</subfield>
  </datafield>
  <datafield tag="300" ind1=" " ind2=" ">
    <subfield code="a">XVIII-92 p.</subfield>
  </datafield>
  <datafield tag="650" ind1=" " ind2=" ">
    <subfield code="a">BESOIN NUTRITIONNEL</subfield>
  </datafield>
  <datafield tag="650" ind1=" " ind2=" ">
    <subfield code="a">NUTRITION HUMAINE</subfield>
  </datafield>
  <datafield tag="650" ind1=" " ind2=" ">
    <subfield code="a"> ETAT NUTRITIONNEL</subfield>
  </datafield>
  <datafield tag="650" ind1=" " ind2=" ">
    <subfield code="a">ENFANT</subfield>
  </datafield>
  <datafield tag="650" ind1=" " ind2=" ">
    <subfield code="a">MALNUTRITION</subfield>
  </datafield>
  <datafield tag="650" ind1=" " ind2=" ">
    <subfield code="a">VALLEE DE L'OUEME</subfield>
  </datafield>
  <datafield tag="260" ind1=" " ind2=" ">
    <subfield code="c">18 D&#xE9;cembre 2002</subfield>
  </datafield>
  <datafield tag="300" ind1=" " ind2=" ">
    <subfield code="b">29 cm</subfield>
  </datafield>
  <datafield tag="130" ind1=" " ind2=" ">
    <subfield code="l">Fr.</subfield>
  </datafield>
  <datafield tag="710" ind1=" " ind2=" ">
    <subfield code="a">Abomey-Calavi, Universit&#xE9; d'Abomey-Calavi, Facult&#xE9; des Sciences Agronomiques, Bj</subfield>
  </datafield>
  <datafield tag="040" ind1=" " ind2=" ">
    <subfield code="a">Support  </subfield>
  </datafield>
  <datafield tag="041" ind1=" " ind2=" ">
    <subfield code="b">Fr.</subfield>
  </datafield>
  <datafield tag="041" ind1=" " ind2=" ">
    <subfield code="b">En.</subfield>
  </datafield>
  <datafield tag="653" ind1=" " ind2="1">
    <subfield code="a">Nutrition Humaine</subfield>
  </datafield>
  <datafield tag="500" ind1=" " ind2=" ">
    <subfield code="a">Annexes</subfield>
  </datafield>
  <datafield tag="100" ind1=" " ind2=" ">
    <subfield code="u">Abomey-Calavi, Universit&#xE9; d'Abomey-Calavi, Facult&#xE9; des Sciences Agronomiques, Bj</subfield>
  </datafield>
  <datafield tag="651" ind1=" " ind2=" ">
    <subfield code="a">BENIN</subfield>
  </datafield>
  <datafield tag="999" ind1=" " ind2=" ">
    <subfield code="c">32021</subfield>
    <subfield code="d">32021</subfield>
  </datafield>
  <datafield tag="952" ind1=" " ind2=" ">
    <subfield code="0">0</subfield>
    <subfield code="1">0</subfield>
    <subfield code="4">0</subfield>
    <subfield code="7">0</subfield>
    <subfield code="a">BIDOC</subfield>
    <subfield code="b">BIDOC</subfield>
    <subfield code="d">0000-00-00</subfield>
    <subfield code="l">0</subfield>
    <subfield code="o">T.NSA.2002.004</subfield>
    <subfield code="r">2009-02-28 00:00:00</subfield>
    <subfield code="t">02</subfield>
    <subfield code="w">2009-02-28</subfield>
    <subfield code="y">LIVR</subfield>
    <subfield code="z">A.9243</subfield>
  </datafield>
</record>
